Most Streamed Kendrick Lamar Songs by Letter - Statistics

General Stats
  • This quiz has been taken 168 times
    40 since last reset
  • The average score is 12 of 22
Answer Stats
Streams Answer % Correct
A 2,572,365,752 All The Stars
85%
D 1,378,035,166 DNA.
85%
H 2,727,765,630 HUMBLE.
81%
B 879,236,391 Bitch, Don't Kill My Vibe
73%
I 256,116,136 i
73%
M 1,992,832,061 Money Trees
73%
N 1,646,258,787 Not Like Us
69%
K 705,734,811 King Kunta
65%
X 314,317,102 XXX.
65%
E 503,941,930 ELEMENT.
62%
L 1,709,288,050 LOVE.
62%
S 987,377,575 Swimming Pools (Drank)
54%
Y 238,991,959 YAH.
54%
C 340,413,784 Count Me Out
50%
P 1,056,869,323 PRIDE.
50%
F 230,996,879 Father Time
46%
G 172,825,827 GOD.
42%
U 355,543,036 United In Grief
42%
W 236,719,261 Wesley's Theory
42%
T 676,009,619 tv off
38%
R 354,977,290 Rich Spirit
27%
O 22,690,640 Opposites Attract (Tomorrow W/O Her)
8%
No matching quizzes found
Score Distribution
Percent of People with Each Score
Percentile by Number Answered
Your Score History
You have not taken this quiz since the last reset